| 000 | 00597nam a2200193 a 4500 | ||
|---|---|---|---|
| 001 | 000023878 | ||
| 005 | 20200930022533.0 | ||
| 008 | 110114nuuuuuuuusp r 000 0 spa d | ||
| 020 | _a847461256X | ||
| 040 |
_aDO-SdBNP _bspa _cBNPHU |
||
| 082 |
_axxxxx _bS425m |
||
| 100 | 1 |
_aScott, Walter _949123 |
|
| 245 | 1 | 3 |
_aLa maga de la montaña ; Los desposórios de triermain / _cWalter Scott. |
| 260 |
_aMadrid : _bClub Internacional del Libro, _c[s. f.]. |
||
| 300 |
_a187 p. ; _c21 cm. |
||
| 500 | _aIncluye notas al pie de las páginas. | ||
| 740 | 4 | _aLos desposórios de Triermain | |
| 049 | _aBNGR | ||
| 999 |
_c23374 _d23374 |
||